| 000 | 01536nam a2200361 c 4500 | ||
|---|---|---|---|
| 003 | BLK | ||
| 005 | 20180420220620.0 | ||
| 008 | 180408b bul|||||r ||||||| ||bul|| | ||
| 010 | _aKNG00035783000 | ||
| 020 |
_a954-607-437-3 _bиздат.: ЛИК - (не е отпеч.) |
||
| 040 | _aBLK | ||
| 041 |
_aBUL _cBUL |
||
| 080 |
_aУправление на стопанството в условията на пазарно стопанство _b338.242 _x _z338.242 |
||
| 080 |
_aИкономически подсистеми и институти. Икономическа структура. Социология на икономиката в цялост _b316.334.2 _x _z316.334.2 |
||
| 100 | 1 |
_aЧавдарова, Таня Бойчева _eпърви автор _9272729 |
|
| 139 |
_aЧавдарова, Таня Бойчева _bЧ 12 |
||
| 245 | 1 | 0 |
_aНеформалната икономика _cТаня Бойчева Чавдарова. |
| 257 | _aBGR | ||
| 260 |
_аСофия _bЛИК _c2001 |
||
| 300 |
_a340 с. _bс табл. _c21 см |
||
| 380 | _a3 | ||
| 500 | _aОфс. изд. - Библиогр. с. 311-332 ; Азб. показалец. | ||
| 504 | _a311-332 | ||
| 650 | 4 |
_aБългария - стопанство - социология _9271397 |
|
| 653 | _aнеформална икономика | ||
| 653 | _aстопанство | ||
| 653 | _aБългария | ||
| 852 | _aЦб 208384 | ||
| 856 | 4 |
_qpdf _u |
|
| 856 | 4 |
_qpdf _u |
|
| 942 |
_cKNG _n0 |
||
| 944 |
_aCR _c15.01.2003 _kКети_Илиева |
||
| 944 |
_aED _c07.09.2006 _k |
||
| 999 |
_c33096 _d33096 |
||